000 00588nam a2200229Ia 4500
003 OSt
005 20220918181150.0
006 a|||||r|||| 00| 0
007 ta
008 220917b |||||||| |||| 00| 0 eng d
024 _a25,693
037 _cTextual
040 _aARTS
_cARTS
_beng
041 _2eng
_aeng
082 _aO111,1:g, L5
100 _aThemerson Stefan
_957979
245 0 _aOn semantic poetry
260 _aLondon
_bGaberbocchus
_c1975
300 _a127p.
_ccm.
942 _hO111,1:g, L5
_cTEXL
_2CC
999 _c164565
_d164565